Estadísticas para Traducción Colombianismos a España

Haz click aquí para intentar la prueba.

Estadísticas generales

  • Esta prueba ha sido intentada 19 veces
    (9 desde el último reinicio)
  • La puntuación promedio es 7 de 15

Estadísticas de respuestas

HintRespuesta% Correcto
manejarconducir
88%
viejamujer
75%
guayaboresaca
75%
monarubia
75%
guaroaguardiente
63%
chimbaguay
50%
la tombapolicía
50%
baretoporro
50%
parlantealtavoz
38%
trancónatasco
38%
manícacahuete
38%
pollitanovia
25%
farriarsalir de fiesta
25%
pechecigarro
0%
pirobogay
0%

Distribución de puntuación

Porcentaje por número respondido

Porcentaje de gente con cada puntuación

Historial de tus puntuaciones

No has intentado esta prueba desde el último reinicio